[Event "4NCL 3 South pool A"]
[Site "Telford, ENG"]
[Date "2017.02.11"]
[Round "5.11"]
[White "Mihalik, Agoston"]
[Black "Jones, Christopher M"]
[Result "1/2-1/2"]
[WhiteElo "2140"]
[BlackElo "2111"]
[PlyCount "86"]
[EventDate "2017.02.11"]
[WhiteTeam "Brown Jack 1"]
[BlackTeam "The Rookies"]

1. e4 e5 2. Nf3 Nc6 3. Bb5 f5 4. Nc3 Nf6 5. exf5 Bc5 6. O-O O-O 7. Nxe5 Nxe5 8.
d4 Bd6 9. dxe5 Bxe5 10. Bd3 d5 11. Re1 Bxc3 12. bxc3 c5 13. c4 Kh8 14. cxd5
Qxd5 15. c4 Qc6 16. Bf4 Bd7 17. Qc2 Rae8 18. h3 a6 19. Re3 b5 20. Rae1 Rxe3 21.
Bxe3 b4 22. Bf4 a5 23. Re7 a4 24. Be5 Re8 25. Rxe8+ Bxe8 26. Qe2 Bf7 27. g4 h6
28. h4 h5 29. f3 hxg4 30. fxg4 Qe8 31. Kf1 Nd7 32. Ba1 Qb8 33. Qe3 Qd6 34. g5
Qh2 35. Be2 Qh1+ 36. Qg1 Qxh4 37. g6 Bxc4 38. Qe3 Qh1+ 39. Kf2 Qh2+ 40. Ke1
Qxe2+ 41. Qxe2 Bxe2 42. Kxe2 c4 43. Bd4 Nf6 1/2-1/2

[Event "4NCL 3 South pool A"]
[Site "Telford, ENG"]
[Date "2017.02.11"]
[Round "5.12"]
[White "Piper, Stephen J"]
[Black "Girdlestone, Paul C"]
[Result "1/2-1/2"]
[WhiteElo "2074"]
[BlackElo "2119"]
[PlyCount "90"]
[EventDate "2017.02.11"]
[WhiteTeam "The Rookies"]
[BlackTeam "Brown Jack 1"]

1. c4 e5 2. Nc3 Nc6 3. g3 g6 4. Bg2 Bg7 5. d3 Nge7 6. e4 d6 7. Be3 h5 8. h4 Bg4
9. f3 Bd7 10. Qd2 Nd4 11. Nce2 b5 12. Nxd4 exd4 13. Bg5 Rb8 14. Nh3 Qc8 15. b3
Nc6 16. Nf2 Ne5 17. O-O f6 18. Bf4 Qa6 19. Qc2 O-O 20. Bd2 c5 21. f4 Nf7 22. f5
g5 23. hxg5 fxg5 24. Nh3 bxc4 25. dxc4 Bf6 26. Qc1 Bc6 27. Nxg5 Qb7 28. Ne6
Bxe4 29. Qd1 Bxg2 30. Qxh5 Ne5 31. Bf4 Bxf1 32. Rxf1 Qh7 33. Bh6 Kh8 34. Kg2
Rg8 35. Rh1 Rb7 36. Qe2 Rg4 37. Bf4 Qxh1+ 38. Kxh1 Rg8 39. Kg2 Rh7 40. Qe4 Rh4
41. Kf1 Rxg3 42. Qa8+ Rg8 43. Qd5 Rh3 44. Bxe5 dxe5 45. Nxc5 Rh5 1/2-1/2

[Event "4NCL 3 South pool A"]
[Site "Telford, ENG"]
[Date "2017.02.11"]
[Round "5.13"]
[White "Richmond, Jane"]
[Black "Gibson, Christopher A"]
[Result "1-0"]
[WhiteElo "2126"]
[BlackElo "1975"]
[PlyCount "57"]
[EventDate "2017.02.11"]
[WhiteTeam "Brown Jack 1"]
[BlackTeam "The Rookies"]

1. e4 e5 2. Nf3 Nc6 3. Bb5 f5 4. d3 fxe4 5. dxe4 Nf6 6. Qe2 Bc5 7. Nbd2 d6 8.
Nb3 Bb6 9. a4 a6 10. Bxc6+ bxc6 11. a5 Ba7 12. Qc4 d5 13. Qxc6+ Bd7 14. Qb7 O-O
15. Be3 Bxe3 16. fxe3 dxe4 17. Nxe5 Bb5 18. Nd4 Qe7 19. Nec6 Bxc6 20. Qxc6 Ng4
21. O-O-O Nf2 22. Ne6 Rfb8 23. Rd7 Qf6 24. Re1 Qxb2+ 25. Kd2 Nd3 26. Rxg7+ Kh8
27. Qxe4 Qxg7 28. Nxg7 Nxe1 29. Ne6 1-0

[Event "4NCL 3 South pool A"]
[Site "Telford, ENG"]
[Date "2017.02.11"]
[Round "5.14"]
[White "Jaszkiwskyj, Peter"]
[Black "Martin, Lewis"]
[Result "1-0"]
[WhiteElo "1961"]
[BlackElo "2090"]
[PlyCount "97"]
[EventDate "2017.02.11"]
[WhiteTeam "The Rookies"]
[BlackTeam "Brown Jack 1"]

1. d4 Nf6 2. c4 g6 3. Nc3 Bg7 4. Nf3 d6 5. Bf4 Nh5 6. Be3 Nc6 7. g3 O-O 8. Bg2
f5 9. Qd2 e6 10. Bh6 Bd7 11. Bxg7 Kxg7 12. d5 Na5 13. Qd3 exd5 14. cxd5 b5 15.
Nxb5 Qf6 16. O-O c6 17. dxc6 Bxc6 18. Nbd4 Rac8 19. Rfd1 Be4 20. Qa6 Nc4 21. b3
Ne5 22. Nxe5 Qxe5 23. Nf3 Qb2 24. Qxa7+ Rf7 25. Qd4+ Qxd4 26. Nxd4 Re7 27. Bxe4
fxe4 28. Rac1 Ra8 29. a4 Nf6 30. Rc6 d5 31. Rdc1 Ne8 32. Ne6+ Kh6 33. Nc7 Nxc7
34. Rxc7 Rxc7 35. Rxc7 Rb8 36. Rd7 Rxb3 37. Rxd5 Rb2 38. e3 Rb6 39. Rd4 Re6 40.
Kf1 Kg5 41. a5 Kf6 42. Rb4 Re5 43. Ra4 Re7 44. a6 Ra7 45. Ke2 Ke5 46. Kd2 Kd5
47. Kc3 Kc5 48. h4 h5 49. Ra2 1-0

[Event "4NCL 3 South pool A"]
[Site "Telford, ENG"]
[Date "2017.02.11"]
[Round "5.15"]
[White "Headlong, Timothy"]
[Black "Ashley, Shane"]
[Result "1-0"]
[WhiteElo "2072"]
[BlackElo "1705"]
[PlyCount "47"]
[EventDate "2017.02.11"]
[WhiteTeam "Brown Jack 1"]
[BlackTeam "The Rookies"]

1. Nf3 d6 2. d4 Bg4 3. c4 Bxf3 4. gxf3 Nd7 5. Nc3 Ngf6 6. e4 e5 7. Be3 c6 8.
Qd2 exd4 9. Bxd4 Ne5 10. Be2 Qd7 11. f4 Ng6 12. f5 Ne7 13. O-O-O Qc7 14. Kb1
O-O-O 15. Rhg1 Kb8 16. Rg3 Neg8 17. Be3 d5 18. cxd5 Bd6 19. f4 Bb4 20. Bf3 Qa5
21. Bd4 g6 22. a3 Be7 23. Be5+ Kc8 24. Qc2 1-0

[Event "4NCL 3 South pool A"]
[Site "Telford, ENG"]
[Date "2017.02.11"]
[Round "5.16"]
[White "Ressel, Eva"]
[Black "Rabbitt, Michael"]
[Result "0-1"]
[WhiteElo "1742"]
[BlackElo "2033"]
[PlyCount "60"]
[EventDate "2017.02.11"]
[WhiteTeam "The Rookies"]
[BlackTeam "Brown Jack 1"]

1. e4 e5 2. Nf3 Nc6 3. Bc4 Nf6 4. Nc3 Nxe4 5. Bxf7+ Kxf7 6. Nxe4 Be7 7. d4 exd4
8. Nxd4 Nxd4 9. Qxd4 d5 10. Ng3 Bf6 11. Qd3 Re8+ 12. Ne2 Bg4 13. f3 Bh5 14. O-O
Bg6 15. Qd1 Kg8 16. Nf4 Bf7 17. Nd3 c5 18. Rb1 c4 19. Nf4 Qa5 20. a3 d4 21. b3
b5 22. Bb2 Rad8 23. bxc4 bxc4 24. Re1 Qc5 25. Rxe8+ Rxe8 26. Kf1 g5 27. Nh3 c3
28. Bc1 Bc4+ 29. Kg1 d3+ 30. Kh1 dxc2 0-1

[Event "4NCL 3 South pool A"]
[Site "Telford, ENG"]
[Date "2017.02.11"]
[Round "5.21"]
[White "Hewitt, William"]
[Black "Friedgood, David"]
[Result "0-1"]
[WhiteElo "2033"]
[BlackElo "2225"]
[PlyCount "60"]
[EventDate "2017.02.11"]
[WhiteTeam "Rhyfelwyr Essyllwg"]
[BlackTeam "MK Phoenix 1"]

1. e4 c5 2. Nf3 e6 3. d4 cxd4 4. Nxd4 Nc6 5. Nc3 Qc7 6. Be3 a6 7. Qd2 Nf6 8. f3
Be7 9. g4 h6 10. O-O-O b5 11. Nb3 Ne5 12. Bf4 d6 13. Qf2 Bd7 14. Kb1 b4 15. Ne2
O-O 16. h4 Rfc8 17. Nec1 h5 18. gxh5 Nxh5 19. Bg5 Bf8 20. Bd3 a5 21. f4 Nc4 22.
f5 a4 23. fxe6 Bxe6 24. Bxc4 Qxc4 25. Rd4 Qc6 26. Rxb4 axb3 27. Nxb3 Bxb3 28.
cxb3 Qa6 29. a3 d5 30. Rf1 Qg6 {time} 0-1

[Event "4NCL 3 South pool A"]
[Site "Telford, ENG"]
[Date "2017.02.11"]
[Round "5.22"]
[White "Fawole, John Oyeyemi"]
[Black "Heaven, Peter"]
[Result "1-0"]
[WhiteElo "2186"]
[BlackElo "2033"]
[PlyCount "98"]
[EventDate "2017.02.11"]
[WhiteTeam "MK Phoenix 1"]
[BlackTeam "Rhyfelwyr Essyllwg"]

1. d4 Nf6 2. Nf3 c5 3. c4 cxd4 4. Nxd4 e5 5. Nb5 d6 6. N1c3 a6 7. Na3 Be6 8. e4
Be7 9. Be2 O-O 10. O-O Nc6 11. Nc2 h6 12. Be3 Qc8 13. Rc1 Na5 14. Nb4 Qd7 15.
b3 Rac8 16. f3 Nc6 17. Nbd5 Bxd5 18. Nxd5 Nxd5 19. cxd5 Nb8 20. Qd2 Rxc1 21.
Rxc1 Rc8 22. Rc3 Qd8 23. Qc2 Rxc3 24. Qxc3 Nd7 25. a4 Qb8 26. b4 Bd8 27. a5 Qc7
28. Qb3 Kh7 29. g3 Bf6 30. Qd3 g6 31. Qd2 Bg7 32. Kg2 Qd8 33. Qc3 Bf8 34. Bd1
Be7 35. Ba4 Nf6 36. Qc1 Ng8 37. Bb6 Qb8 38. Bd7 Nf6 39. Bh3 Qe8 40. Qc7 Ng8 41.
Bd7 Qf8 42. Qc8 Qg7 43. Qxb7 f5 44. exf5 e4 45. fxe4 Qe5 46. fxg6+ Kxg6 47.
Bf5+ Kh5 48. Be3 Nf6 49. Kh3 Qa1 1-0

[Event "4NCL 3 South pool A"]
[Site "Telford, ENG"]
[Date "2017.02.11"]
[Round "5.23"]
[White "Trevelyan, John"]
[Black "Fraser-Mitchell, Jeremy N"]
[Result "1/2-1/2"]
[WhiteElo "2024"]
[BlackElo "2077"]
[PlyCount "86"]
[EventDate "2017.02.11"]
[WhiteTeam "Rhyfelwyr Essyllwg"]
[BlackTeam "MK Phoenix 1"]

1. e4 e6 2. d4 d5 3. Nc3 Bb4 4. e5 c5 5. Bd2 Ne7 6. Nb5 Bxd2+ 7. Qxd2 O-O 8. f4
cxd4 9. Nf3 Nbc6 10. Nbxd4 Nxd4 11. Nxd4 Bd7 12. Bd3 Nc6 13. Nf3 f6 14. O-O-O
fxe5 15. fxe5 Qe7 16. c3 Rac8 17. Kb1 Be8 18. Rde1 Bh5 19. Ng5 h6 20. Nh3 Bg4
21. Nf4 Qg5 22. g3 Nxe5 23. Rxe5 Qxe5 24. Ng6 Qd6 25. Nxf8 Rxf8 26. Rf1 Rxf1+
27. Bxf1 Bf5+ 28. Kc1 Qb6 29. Qd4 Qxd4 30. cxd4 Be4 31. Kd2 Kf7 32. Ke3 Kf6 33.
Bh3 Bb1 34. a3 Be4 35. Kf4 g5+ 36. Ke3 h5 37. Bf1 e5 38. Be2 g4 39. Bb5 Bg6 40.
Bd7 b6 41. Bb5 Ke6 42. Ba4 Kd6 43. Bb5 Ke6 1/2-1/2

[Event "4NCL 3 South pool A"]
[Site "Telford, ENG"]
[Date "2017.02.11"]
[Round "5.24"]
[White "Habershon, Paul F"]
[Black "Hatchett, Paul"]
[Result "0-1"]
[WhiteElo "2041"]
[BlackElo "2032"]
[PlyCount "132"]
[EventDate "2017.02.11"]
[WhiteTeam "MK Phoenix 1"]
[BlackTeam "Rhyfelwyr Essyllwg"]

1. e4 Nf6 2. d3 e5 3. g3 d5 4. Nd2 dxe4 5. dxe4 Bc5 6. Qe2 O-O 7. Bg2 b6 8. Nb3
Ba6 9. Qf3 Nbd7 10. Bd2 Rb8 11. O-O-O Be7 12. Bc3 Qe8 13. g4 Nc5 14. Nxc5 bxc5
15. g5 Nd7 16. h4 Nb6 17. Ne2 Na4 18. Rhe1 Qb5 19. b3 c4 20. Rd5 Ba3+ 21. Kb1
Qc6 22. Bxe5 cxb3 23. axb3 Bc4 24. Nd4 Qa6 25. Rd7 Bb4 26. Nf5 Bxe1 27. Rd6
Qxd6 28. Nxd6 cxd6 29. Bxd6 Nc3+ 30. Ka1 Rb6 31. Bxf8 Ra6+ 32. Kb2 Ra2+ 33. Kc1
Ra1+ 34. Kb2 Rb1+ 35. Ka3 Nb5+ 36. Ka2 Nc3+ 37. Ka3 Be2 38. Qf5 Nb5+ 39. Ka2
Nc3+ 40. Ka3 Ra1+ 41. Kb2 Ra2+ 42. Kc1 Bd1 43. e5 Rxc2+ 44. Qxc2 Bxc2 45. Bc5
Bxb3 46. Bxa7 Bd5 47. Bh3 Nb5 48. Bc5 Bc3 49. f4 Bd4 50. Bxd4 Nxd4 51. f5 Kf8
52. h5 h6 53. g6 Bf3 54. f6 Bxh5 55. fxg7+ Kxg7 56. gxf7 Kxf7 57. Kb2 Nf3 58.
e6+ Kf6 59. Kc3 Ng5 60. Bg2 Nxe6 61. Kd2 Kg5 62. Ke3 Bg4 63. Kf2 Kf4 64. Kg1
Kg3 65. Bf1 h5 66. Bg2 Nf4 0-1

[Event "4NCL 3 South pool A"]
[Site "Telford, ENG"]
[Date "2017.02.11"]
[Round "5.25"]
[White "Van Kemenade, Rudy"]
[Black "Elwin, Adrian G"]
[Result "1-0"]
[WhiteElo "1947"]
[BlackElo "2010"]
[PlyCount "57"]
[EventDate "2017.02.11"]
[WhiteTeam "Rhyfelwyr Essyllwg"]
[BlackTeam "MK Phoenix 1"]

1. e4 c6 2. d4 d5 3. e5 Bf5 4. Nc3 Qb6 5. a3 h6 6. g4 Bd7 7. Bg2 e6 8. Nge2 c5
9. dxc5 Bxc5 10. O-O a5 11. Nf4 Na6 12. Nd3 Be7 13. Kh1 Qc7 14. f4 h5 15. f5
hxg4 16. Qxg4 O-O-O 17. Qxg7 Bf6 18. Qxf7 Bxe5 19. Nxe5 Qxe5 20. Bf4 Qxf5 21.
Qxf5 exf5 22. Nxd5 Re8 23. Nb6+ Kd8 24. Nxd7 Kxd7 25. Bxb7 Nc5 26. Rad1+ Ke6
27. Rde1+ Kf7 28. Bd5+ Ne6 29. Rxe6 1-0

[Event "4NCL 3 South pool A"]
[Site "Telford, ENG"]
[Date "2017.02.11"]
[Round "5.26"]
[White "Lambourne, Dan M"]
[Black "Bevan, Peter M"]
[Result "1/2-1/2"]
[WhiteElo "1985"]
[BlackElo "1917"]
[PlyCount "140"]
[EventDate "2017.02.11"]
[WhiteTeam "MK Phoenix 1"]
[BlackTeam "Rhyfelwyr Essyllwg"]

1. d4 Nf6 2. Nf3 g6 3. c4 Bg7 4. Nc3 O-O 5. e4 d6 6. Be2 e5 7. d5 Na6 8. O-O
Nc5 9. Qc2 a5 10. a3 a4 11. Nd2 Bg4 12. f3 Bd7 13. b4 axb3 14. Nxb3 b6 15. Bg5
h6 16. Be3 Nh5 17. Nxc5 dxc5 18. Qd2 Nf4 19. Ra2 Ba4 20. Bd1 Be8 21. a4 Ra5 22.
Kh1 g5 23. Bb3 Qd6 24. Qc2 Bd7 25. Bd2 Raa8 26. Rfa1 Qg6 27. a5 Rxa5 28. Rxa5
bxa5 29. Rxa5 g4 30. fxg4 Qxg4 31. Be3 Rb8 32. Ra2 f5 33. Bxc5 fxe4 34. Be3
Nxg2 35. Qxg2 Rxb3 36. Rc2 Kh7 37. c5 Qf3 38. Qxf3 exf3 39. Kg1 e4 40. Nd1 Rd3
41. Rd2 Rxd2 42. Bxd2 Ba4 43. Ne3 Bd4 44. d6 Bxc5 45. dxc7 Bd7 46. Kf2 Bb6 47.
Bc3 Bxc7 48. Nd5 Bd8 49. Nf6+ Bxf6 50. Bxf6 Kg6 51. Be7 Kf5 52. Kg3 Bc6 53. Bc5
h5 54. Be3 Be8 55. Bd4 h4+ 56. Kf2 Kf4 57. Bb6 Bd7 58. Bc7+ Kg4 59. Bd8 Kh3 60.
Be7 Bg4 61. Bg5 Bh5 62. Be7 Kg4 63. Bd8 h3 64. Bb6 Kf5 65. Be3 Ke5 66. Bg5 Bg4
67. Be3 Kd5 68. Bg5 Kd4 69. Be3+ Kd3 70. Bg5 Bd7 1/2-1/2

[Event "4NCL 3 South pool A"]
[Site "Telford, ENG"]
[Date "2017.02.11"]
[Round "5.31"]
[White "Bulmaga, Irina"]
[Black "Swanson, Stephen"]
[Result "1/2-1/2"]
[WhiteElo "2237"]
[BlackElo "2172"]
[PlyCount "169"]
[EventDate "2017.02.11"]
[WhiteTeam "Wood Green MM 1"]
[BlackTeam "Poisoned Pawns 1"]

1. e4 g6 2. d4 Bg7 3. Nf3 d6 4. Bd3 Nc6 5. c3 e5 6. dxe5 Nxe5 7. Nxe5 dxe5 8.
O-O Be6 9. Qc2 Ne7 10. Rd1 O-O 11. Bg5 Qe8 12. Nd2 h6 13. Be3 Kh7 14. a4 f5 15.
f3 f4 16. Bc5 g5 17. Bc4 Bc8 18. a5 g4 19. Qb3 Rf6 20. Bb5 Nc6 21. Be2 h5 22.
Bf2 Rg6 23. Nf1 Rb8 24. Qc2 Bf6 25. b4 a6 26. Kh1 Qf7 27. Rd5 Be6 28. Rad1 Rbg8
29. fxg4 Be7 30. Bc5 hxg4 31. Bxe7 Qxe7 32. b5 axb5 33. Bxb5 Bc8 34. g3 Rh6 35.
R1d2 Kh8 36. Qd3 Rf6 37. Bxc6 bxc6 38. Rd8 Rff8 39. Rxf8 Rxf8 40. Qc4 Qf6 41.
Kg1 Qe6 42. Qc5 Kg7 43. gxf4 exf4 44. Qg5+ Kh7 45. Rd8 Rxd8 46. Qxd8 Kg6 47.
Qxc7 Kg5 48. Qg7+ Kh5 49. Nd2 Qd6 50. Qd4 Qf8 51. Nb3 Kh4 52. Qf2+ Kh3 53. Nd4
Qd6 54. Qf1+ Kh4 55. a6 Kg5 56. Qa1 c5 57. a7 Bb7 58. a8=Q Bxa8 59. Qxa8 cxd4
60. Qg8+ Kh4 61. Qh8+ Kg5 62. Qxd4 Qb8 63. Qg7+ Kh5 64. Qf7+ Kg5 65. Qe7+ Kh5
66. Qc5+ Kh4 67. Qf2+ Kh5 68. Qc5+ Kh4 69. Qf2+ Kh5 70. Qe1 Qb6+ 71. Kf1 Qb5+
72. Kf2 Qb2+ 73. Kg1 Qb6+ 74. Kh1 Qc6 75. h3 gxh3 76. Kh2 Kg4 77. Qd1+ f3 78.
Qd4 Qc7+ 79. e5+ Kf5 80. Kxh3 Qxe5 81. Qg4+ Kf6 82. Qxf3+ Qf5+ 83. Kg2 Qxf3+
84. Kxf3 Kf5 85. Ke3 1/2-1/2

[Event "4NCL 3 South pool A"]
[Site "Telford, ENG"]
[Date "2017.02.11"]
[Round "5.32"]
[White "Clark, Kevin R"]
[Black "Meszaros, Gyula"]
[Result "1-0"]
[WhiteElo "2125"]
[BlackElo "2274"]
[PlyCount "49"]
[EventDate "2017.02.11"]
[WhiteTeam "Poisoned Pawns 1"]
[BlackTeam "Wood Green MM 1"]

1. e4 e6 2. d4 d5 3. Nd2 Nc6 4. Ngf3 Nf6 5. e5 Nd7 6. Nb3 Be7 7. Bb5 Ncb8 8. c3
b6 9. O-O a5 10. Ne1 Ba6 11. Bxa6 Nxa6 12. Qg4 g6 13. Bh6 c5 14. f4 a4 15. Nd2
cxd4 16. cxd4 a3 17. b3 Nb4 18. Qh3 Rg8 19. Ndf3 Qc7 20. Ng5 Rc8 21. Nef3 Qc2
22. Nxe6 fxe6 23. Qxe6 Rh8 24. Bg5 Nc6 25. Rac1 1-0

[Event "4NCL 3 South pool A"]
[Site "Telford, ENG"]
[Date "2017.02.11"]
[Round "5.33"]
[White "Sygnowski, Tomasz"]
[Black "Hutchinson, Norman A"]
[Result "1-0"]
[WhiteElo "2124"]
[BlackElo "2071"]
[PlyCount "49"]
[EventDate "2017.02.11"]
[WhiteTeam "Wood Green MM 1"]
[BlackTeam "Poisoned Pawns 1"]

1. e4 c6 2. d4 d5 3. exd5 cxd5 4. Bd3 Nc6 5. c3 Qc7 6. Ne2 Bd7 7. f4 g6 8. O-O
Bf5 9. Ng3 Bxd3 10. Qxd3 e6 11. Nd2 Bd6 12. Nf3 h5 13. Bd2 Nge7 14. Rac1 Na5
15. b3 a6 16. c4 dxc4 17. bxc4 Nf5 18. Ne4 Bxf4 19. Bxf4 Qxf4 20. Ne5 Qh4 21.
Rxf5 gxf5 22. Nd6+ Ke7 23. Ndxf7 Rhg8 24. d5 Qf4 25. Rf1 1-0

[Event "4NCL 3 South pool A"]
[Site "Telford, ENG"]
[Date "2017.02.11"]
[Round "5.34"]
[White "Byway, Paul V"]
[Black "Grigoryan, Meri"]
[Result "1/2-1/2"]
[WhiteElo "2054"]
[BlackElo "2057"]
[PlyCount "99"]
[EventDate "2017.02.11"]
[WhiteTeam "Poisoned Pawns 1"]
[BlackTeam "Wood Green MM 1"]

1. Nf3 d5 2. e3 Nf6 3. c4 e6 4. d4 c6 5. Bd3 Nbd7 6. O-O Be7 7. b3 b6 8. Bb2
Bb7 9. Nc3 O-O 10. Qe2 c5 11. cxd5 cxd4 12. Nxd4 exd5 13. Rac1 Nc5 14. Bb1 Ba6
15. Ncb5 Qd7 16. Bf5 Bxb5 17. Qxb5 Qxb5 18. Nxb5 g6 19. Bb1 Rfd8 20. Rfd1 Rd7
21. Be5 a6 22. Nc7 Ra7 23. Bxf6 Raxc7 24. Be5 Bd6 25. Bxd6 Rxd6 26. b4 Ne6 27.
Rxc7 Nxc7 28. Bd3 Rc6 29. g3 b5 30. Rd2 Rc3 31. Be2 Rc1+ 32. Kg2 Rb1 33. a3 Rb3
34. Bf3 Rxa3 35. Rc2 Ne6 36. Bxd5 Ra4 37. Rc6 Rxb4 38. Bxe6 fxe6 39. Rxa6 e5
40. Re6 e4 41. g4 Kf7 42. Rb6 g5 43. h4 gxh4 44. Kh3 Rb2 45. Kxh4 Rxf2 46. Rxb5
Ke6 47. Kg5 Rf3 48. Ra5 Rxe3 49. Kf4 Re1 50. Re5+ 1/2-1/2

[Event "4NCL 3 South pool A"]
[Site "Telford, ENG"]
[Date "2017.02.11"]
[Round "5.35"]
[White "Manelidou, Maria"]
[Black "Rosen, Daniel B"]
[Result "1-0"]
[WhiteElo "2089"]
[BlackElo "2052"]
[PlyCount "65"]
[EventDate "2017.02.11"]
[WhiteTeam "Wood Green MM 1"]
[BlackTeam "Poisoned Pawns 1"]

1. e4 d6 2. d4 g6 3. Nc3 c6 4. f4 Bg7 5. Nf3 Bg4 6. Be2 e6 7. Be3 d5 8. O-O Ne7
9. Ne5 Bxe2 10. Qxe2 dxe4 11. Nxe4 O-O 12. Rad1 Nf5 13. Bf2 h5 14. h3 Nd6 15.
Ng5 Qe8 16. Qd3 Nd7 17. g4 Nf6 18. c4 Rd8 19. Rfe1 hxg4 20. hxg4 Nh7 21. Nxh7
Kxh7 22. Qh3+ Kg8 23. Kg2 f6 24. Rh1 fxe5 25. Qh7+ Kf7 26. Rh6 exf4 27. Qxg6+
Kg8 28. Qh7+ Kf7 29. Rdh1 Rg8 30. Bh4 Kf8 31. Bxd8 Qxd8 32. Rxe6 Nxc4 33. Qf5+
1-0

[Event "4NCL 3 South pool A"]
[Site "Telford, ENG"]
[Date "2017.02.11"]
[Round "5.36"]
[White "Kemp, Paul R"]
[Black "Green, Michael"]
[Result "1/2-1/2"]
[WhiteElo "2080"]
[BlackElo "2027"]
[PlyCount "46"]
[EventDate "2017.02.11"]
[WhiteTeam "Poisoned Pawns 1"]
[BlackTeam "Wood Green MM 1"]

1. e4 e6 2. d4 d5 3. exd5 exd5 4. Nf3 Nc6 5. Bb5 Bg4 6. Qe2+ Nge7 7. c3 Qd7 8.
Nbd2 O-O-O 9. h3 Bh5 10. Nb3 Ng6 11. Na5 Bxf3 12. Bxc6 Bxe2 13. Bxd7+ Rxd7 14.
Kxe2 Bd6 15. g3 Re8+ 16. Kf3 b6 17. Nb3 Rde7 18. Bd2 {(=)} Kd7 19. Rae1 c6 20.
Rxe7+ Rxe7 21. Re1 Rxe1 22. Bxe1 Ke6 23. Bd2 h5 1/2-1/2

[Event "4NCL 3 South pool A"]
[Site "Telford, ENG"]
[Date "2017.02.11"]
[Round "5.41"]
[White "Shepherd, Paul D"]
[Black "Simons, Martin J"]
[Result "1/2-1/2"]
[WhiteElo "2074"]
[BlackElo "2025"]
[PlyCount "41"]
[EventDate "2017.02.11"]
[WhiteTeam "Surbiton"]
[BlackTeam "Wessex"]

1. e4 d6 2. d4 Nf6 3. Nc3 Nbd7 4. Nf3 e5 5. g3 c6 6. a4 Be7 7. Bg2 O-O 8. O-O
a5 9. Re1 h6 10. h3 Nh7 11. Be3 Ng5 12. Nxg5 Bxg5 13. Qd2 Bxe3 14. Rxe3 Qb6 15.
dxe5 dxe5 16. b3 Qc7 17. Rd1 Nc5 18. Ree1 Be6 19. Qe3 b6 20. Rd2 Rad8 21. Red1
1/2-1/2

[Event "4NCL 3 South pool A"]
[Site "Telford, ENG"]
[Date "2017.02.11"]
[Round "5.42"]
[White "Pleasants, Allan J"]
[Black "Singleton, Michael P F"]
[Result "1-0"]
[WhiteElo "2016"]
[BlackElo "2103"]
[PlyCount "75"]
[EventDate "2017.02.11"]
[WhiteTeam "Wessex"]
[BlackTeam "Surbiton"]

1. d4 Nf6 2. Bg5 c5 3. d5 d6 4. Bxf6 gxf6 5. Nc3 f5 6. e3 Nd7 7. Nh3 a6 8. a4
Nf6 9. Nf4 Bg7 10. Be2 Bd7 11. O-O O-O 12. Qd3 Qc7 13. a5 Rad8 14. Rfd1 Bc8 15.
Qc4 Kh8 16. Ra3 Rg8 17. b4 Nd7 18. b5 Ne5 19. Qa2 Qd7 20. bxa6 bxa6 21. Na4 Qe8
22. Nb6 Bb7 23. Rb1 Bh6 24. Qb2 Bg7 25. Qb3 Rb8 26. h3 Bh6 27. Qc3 f6 28. Rab3
Qf7 29. Bh5 Qg7 30. g3 Bxf4 31. exf4 Qh6 32. fxe5 dxe5 33. Bf7 Rg7 34. Nd7 Rxf7
35. Rxb7 Rxb7 36. Rxb7 Qxh3 37. Nxe5 Rf8 38. Nd7 1-0

[Event "4NCL 3 South pool A"]
[Site "Telford, ENG"]
[Date "2017.02.11"]
[Round "5.43"]
[White "Crombleholme, Alan K"]
[Black "McDougall, William M"]
[Result "0-1"]
[WhiteElo "2045"]
[BlackElo "1971"]
[PlyCount "74"]
[EventDate "2017.02.11"]
[WhiteTeam "Surbiton"]
[BlackTeam "Wessex"]

1. c4 c5 2. Nc3 Nc6 3. Nf3 g6 4. g3 Bg7 5. Bg2 d6 6. O-O Nf6 7. d4 cxd4 8. Nxd4
Bd7 9. b3 O-O 10. Bb2 Qa5 11. e3 Rac8 12. Qe2 a6 13. Rfd1 Bg4 14. f3 Bd7 15.
Bf1 Rfe8 16. Qe1 Qh5 17. Qf2 Qa5 18. Rac1 b5 19. cxb5 Nxd4 20. Rxd4 axb5 21. b4
Qb6 22. Rdd1 Bh6 23. Re1 Bc6 24. Bh3 Bd7 25. Bxd7 Nxd7 26. Nd5 Rxc1 27. Nxb6
Rxe1+ 28. Qxe1 Nxb6 29. Qc3 e5 30. f4 Rc8 31. Qb3 Bg7 32. Kf2 Nc4 33. fxe5 dxe5
34. Ke2 Rd8 35. Bc1 e4 36. a4 Rd3 37. Qa2 Rc3 0-1

[Event "4NCL 3 South pool A"]
[Site "Telford, ENG"]
[Date "2017.02.11"]
[Round "5.44"]
[White "Gregory, Keith D F"]
[Black "Faulks, Nick"]
[Result "1/2-1/2"]
[WhiteElo "2006"]
[BlackElo "2001"]
[PlyCount "39"]
[EventDate "2017.02.11"]
[WhiteTeam "Wessex"]
[BlackTeam "Surbiton"]

1. Nf3 Nf6 2. c4 c5 3. g3 d5 4. Bg2 Nc6 5. O-O e5 6. cxd5 Nxd5 7. d3 Be7 8. Nc3
Nc7 9. Bd2 O-O 10. Rc1 Bd7 11. Qc2 Rc8 12. Qb1 f5 13. a3 g5 14. e3 Be6 15. Na4
e4 16. Ne1 c4 17. d4 b5 18. Nc3 g4 19. Nxe4 fxe4 20. Bxe4 1/2-1/2

[Event "4NCL 3 South pool A"]
[Site "Telford, ENG"]
[Date "2017.02.11"]
[Round "5.45"]
[White "James, Angus S"]
[Black "De Coverly, Roger D"]
[Result "0-1"]
[WhiteElo "1939"]
[BlackElo "1968"]
[PlyCount "124"]
[EventDate "2017.02.11"]
[WhiteTeam "Surbiton"]
[BlackTeam "Wessex"]

1. e4 e5 2. Nf3 Nc6 3. Bc4 Nf6 4. d3 Be7 5. Bb3 O-O 6. O-O d6 7. c3 Na5 8. Bc2
c5 9. Re1 a6 10. Nbd2 b5 11. Nf1 Re8 12. Ng3 g6 13. Bg5 Nd7 14. Bxe7 Qxe7 15.
Qd2 c4 16. d4 Nf8 17. b4 Nb7 18. a4 Bg4 19. Bd1 Bxf3 20. Bxf3 Ne6 21. d5 Nf4
22. axb5 axb5 23. Qe3 Rab8 24. Ra7 Qf6 25. Bg4 Red8 26. Rea1 Nd3 27. Be2 Nf4
28. Bf1 h5 29. Ne2 Re8 30. g3 Nd3 31. Nc1 Nb2 32. h4 Na4 33. Bh3 Qd8 34. Ne2
Rf8 35. Ra6 Qe7 36. Qg5 Qxg5 37. hxg5 Rfd8 38. Kf1 Kf8 39. Ke1 {(=)} Ke7 40.
Kd2 Rf8 41. f4 f6 42. gxf6+ Rxf6 43. Ke3 Nd8 44. fxe5 dxe5 45. Rxf6 Kxf6 46.
Bd7 Nb6 47. Bxb5 Nxd5+ 48. exd5 Rxb5 49. Ke4 Nf7 50. Rf1+ Ke7 51. Rxf7+ Kxf7
52. Kxe5 Ke7 53. Nd4 Rb6 54. Nc6+ Kd7 55. Na5 g5 56. Nxc4 Rg6 57. Kf5 Rg8 58.
Ne3 Re8 59. Nc4 h4 60. gxh4 gxh4 61. Nd2 Re2 62. Nf3 h3 0-1

[Event "4NCL 3 South pool A"]
[Site "Telford, ENG"]
[Date "2017.02.11"]
[Round "5.46"]
[White "Adaway, William"]
[Black "Alcock, Graham P"]
[Result "1/2-1/2"]
[WhiteElo "1942"]
[BlackElo "1756"]
[PlyCount "41"]
[EventDate "2017.02.11"]
[WhiteTeam "Wessex"]
[BlackTeam "Surbiton"]

1. Nf3 Nf6 2. g3 g6 3. Bg2 Bg7 4. O-O O-O 5. d3 d5 6. Nbd2 Nc6 7. c3 Bf5 8. Re1
Qd7 9. Qb3 Rab8 10. e4 dxe4 11. dxe4 Be6 12. Qa3 Qd6 13. Qa4 Qc5 14. Nd4 Bd7
15. Qc4 Qb6 16. h3 Nh5 17. N2b3 e5 18. Nxc6 Qxc6 19. Qxc6 Bxc6 20. Be3 b6 21.
Rad1 1/2-1/2